Geological heritage of Malaysia

Bibliographic Details
Other Authors: Che Aziz Ali, Mohd Shafeea Leman
Format: Book
Published: Bangi, Selangor : Institut Alam Sekitar dan Pembangunan (LESTARI), UKM , 2010
Subjects:

MARC

LEADER 00000cam a2200000 7i4500
001 0000003830
005 20110718.0
020 0 0 |a 9789675227370 
090 0 0 |a 333.7209595   |b GEO 
245 1 0 |a Geological heritage of Malaysia   |c Compiled and edited by Che Aziz Ali,Mohd Shafeea Leman 
260 0 0 |a Bangi, Selangor :   |b Institut Alam Sekitar dan Pembangunan (LESTARI), UKM ,   |c 2010 
300 |a viii, 510 p. :   |b ill. ;   |c 25cm. 
504 0 0 |a Includes bibliographies 
650 0 0 |a Conservation of natural resources   |z Malaysia   |x Congresses 
650 0 0 |a Ecotourism   |z Malaysia   |x Congresses 
650 0 0 |a Geology   |z Malaysia   |x Congresses 
700 0 1 |a Che Aziz Ali 
700 0 1 |a Mohd Shafeea Leman 
999 |a 0000007655   |b Monograph   |c Open Shelf   |e Default branch